| 000 | 01112nab a2200253 i 4500 | ||
|---|---|---|---|
| 001 | 768714001 | ||
| 003 | CO-MdFUSB | ||
| 005 | 20240719092835.0 | ||
| 008 | 240719t1986 enk||||| |||| 00| 0 eng d | ||
| 040 |
_bspa _cCO-MdFUSB _dCO-MdFUSB |
||
| 041 | _aeng | ||
| 100 |
_aSobrino, Jon, _eautor |
||
| 245 |
_aLatin America : _bplace of sin and place of forgiveness _c/ Jon Sobrino ; traducido por Ian Mcgonagle |
||
| 520 | _aEste artículo primero, marca el horizonte en el que se mira el perdón de Dios; luego describe la lógica de la repetición que acecha nuestra historia; y finalmente muestra exactamente lo que Dios revela en su acto de perdón. | ||
| 546 | _aTexto en inglés. | ||
| 630 | 0 | 7 |
_aBiblia. _pNuevo Testamento |
| 650 | 7 |
_aDios _9178 |
|
| 650 | 7 |
_aPerdón _9303 |
|
| 650 | 7 |
_aHermenéutica bíblica _97333 |
|
| 700 |
_aMcgonagle, Ian, _etraductor |
||
| 773 | 0 |
_070507 _982834 _dLondres : Board, 1966. _oR2686 _tConcilium : _w(CO-MdFUSB)768714001 _x0010-5236 _gVolumen 184, (número 2, 1986), páginas: 35 - 44 _qpágina: 35 |
|
| 942 | _cANA | ||
| 945 | _aCatherine Arias Álvarez - Practicante SENA | ||
| 999 |
_c70536 _d70536 |
||